| 000 | 004150000a22001690004500 | ||
|---|---|---|---|
| 003 | MACL | ||
| 005 | 20160106162849.0 | ||
| 008 | 160106b xxu||||| |||| 00| 0 eng d | ||
| 040 |
_aMACL _cMACL |
||
| 041 | _aEnglish | ||
| 082 | _a827/LET | ||
| 100 |
_aThackeray, W.M. _928641 |
||
| 245 | _aThe English Humourists | ||
| 260 |
_bJ.M. Dent & Sons _aLondon |
||
| 650 |
_aLiterature _928940 |
||
| 942 |
_cBK _k827/THA _2ddc |
||
| 999 |
_c38699 _d38699 |
||